000 00546cam a2200181 a 4500
999 _c6317
_d6317
001 1048
003 BD-DhUAP
005 20201229123916.0
008 201229s1998 bg 000 0 eng
040 _aDLC
_cDLC
_dBD-DhUAP
_beng
082 _223
_a338.95492 FIF
245 1 4 _aThe fifty five year plan 1997-2002.
260 _aDhaka :
_bPlanning commission ministry of planning,
_cc1998.
300 _axx, 559 pages ;
_c25 cm.
650 _aEconomic development
_zBangladesh.
710 _aPlanning commission ministry of planning.
942 _2ddc
_cBK